[Event "EUR-ch U14 w"]
[Site "Batumi GEO"]
[Date "2014.10.26"]
[Round "7"]
[White "Avetisyan, Mariam"]
[Black "Korchagina, Alena"]
[Result "1-0"]
[WhiteElo "1787"]
[BlackElo "1894"]
[PlyCount "107"]
[EventDate "2014.10.19"]
[EventType "swiss"]
[EventRounds "9"]
[EventCountry "CAN"]
[Source "Chessbase"]
[SourceDate "2015.02.06"]

1. e4 c5 2. Nf3 e6 3. c3 d5 4. exd5 Qxd5 5. d4 Nf6 6. Be2 Be7 7. Be3 cxd4 8.
cxd4 O-O 9. Nc3 Qd8 10. O-O b6 11. Ne5 Bb7 12. Bf3 Nd5 13. Rc1 Bd6 14. Nxd5
Bxd5 15. Bxd5 exd5 16. Qb3 Bxe5 17. dxe5 Na6 18. Rfd1 Nc7 19. f4 Qe7 20. Bf2
Rac8 21. f5 Qxe5 22. Bg3 Qe7 23. f6 Qxf6 24. Bxc7 Rfe8 25. Qg3 g6 26. Qf2 Qxf2+
27. Kxf2 Re7 28. Bg3 Rxc1 29. Rxc1 f5 30. Rc7 Re4 31. Rxa7 f4 32. Bh4 f3 33.
Bf6 fxg2 34. Kxg2 d4 35. Kf3 Re3+ 36. Kf4 Re2 37. Bxd4 Rxh2 38. Rb7 Rh4+ 39.
Ke3 g5 40. Rg7+ Kf8 41. Rxg5 Rh2 42. Rb5 h5 43. Rxb6 h4 44. Rh6 Rh1 45. Kf2 h3
46. Kg3 Rd1 47. Bc5+ Ke8 48. Rxh3 Rd3+ 49. Kg4 Rd2 50. Rb3 Kd7 51. a4 Kc6 52.
Be3 Rd1 53. a5 Ra1 54. Rb6+ 1-0

[Event "EUR-ch U14 w"]
[Site "Batumi GEO"]
[Date "2014.10.26"]
[Round "7"]
[White "Avramidou, Anastasia"]
[Black "Sieber, Fiona"]
[Result "1-0"]
[WhiteElo "2120"]
[BlackElo "1955"]
[PlyCount "111"]
[EventDate "2014.10.19"]
[EventType "swiss"]
[EventRounds "9"]
[EventCountry "CAN"]
[Source "Chessbase"]
[SourceDate "2015.02.06"]

1. e4 c5 2. Nf3 d6 3. Bb5+ Nd7 4. O-O Ngf6 5. Re1 a6 6. Bf1 g6 7. d4 cxd4 8.
Nxd4 Bg7 9. c4 O-O 10. Nc3 Qc7 11. f3 Ne5 12. b3 Nc6 13. Be3 Nxd4 14. Bxd4 Nd7
15. Rc1 Bxd4+ 16. Qxd4 Qc5 17. Qxc5 dxc5 18. e5 Nb8 19. Rcd1 Nc6 20. Na4 Nb4
21. Rd2 Bf5 22. g4 Nc2 23. Rc1 Nd4 24. Bg2 Rad8 25. Kf2 Bc8 26. Rcd1 Ne6 27.
Rxd8 Nxd8 28. Nxc5 Nc6 29. h3 Nxe5 30. f4 Nc6 31. Nxa6 h5 32. Kg3 hxg4 33. hxg4
e5 34. Bxc6 exf4+ 35. Kxf4 bxc6 36. Nb4 c5 37. Nc6 f5 38. g5 Bb7 39. Ne7+ Kf7
40. Rd7 Be4 41. Rc7 Bb1 42. Nd5+ Ke6 43. Nc3 Kd6 44. Rg7 Bc2 45. Rxg6+ Kc7 46.
Nd5+ Kb7 47. Rb6+ Ka7 48. g6 Rg8 49. Re6 Kb8 50. Ne7 Rg7 51. Nxf5 Rg8 52. Ne7
Rg7 53. Ke5 Kc7 54. Kf6 Kd7 55. Re2 Bd3 56. Re5 1-0

[Event "EUR-ch U14 w"]
[Site "Batumi GEO"]
[Date "2014.10.26"]
[Round "7"]
[White "Ayazmali, Gizem"]
[Black "Stanciu, Andreea Briana"]
[Result "1-0"]
[WhiteElo "1745"]
[BlackElo "1993"]
[PlyCount "53"]
[EventDate "2014.10.19"]
[EventType "swiss"]
[EventRounds "9"]
[EventCountry "CAN"]
[Source "Chessbase"]
[SourceDate "2015.02.06"]

1. e4 c5 2. c3 d5 3. exd5 Qxd5 4. d4 Nc6 5. Nf3 Bf5 6. Be3 Nf6 7. Na3 cxd4 8.
Nb5 O-O-O 9. Nfxd4 Ng4 10. Nxc6 bxc6 11. Nd4 Nxe3 12. fxe3 Be4 13. Ba6+ Kc7 14.
Qe2 Bxg2 15. Rg1 Be4 16. Bc4 Qe5 17. Bxf7 Bd5 18. Bxd5 Rxd5 19. Rg3 Kb7 20. Qc4
Qd6 21. b4 a6 22. Nb3 a5 23. Nxa5+ Kc7 24. Qa6 Rxa5 25. Qxa5+ Kb7 26. Rd1 Qe6
27. Qd8 1-0

[Event "EUR-ch U14 w"]
[Site "Batumi GEO"]
[Date "2014.10.26"]
[Round "7"]
[White "Bespalova, Jana"]
[Black "Jacobsen, Elise Sjottem"]
[Result "1-0"]
[WhiteElo "1505"]
[BlackElo "1685"]
[PlyCount "79"]
[EventDate "2014.10.19"]
[EventType "swiss"]
[EventRounds "9"]
[EventCountry "CAN"]
[Source "Chessbase"]
[SourceDate "2015.02.06"]

1. e4 c5 2. Nf3 d6 3. d4 cxd4 4. Qxd4 Nc6 5. Bb5 Bd7 6. Qd3 g6 7. O-O Bg7 8.
Bxc6 bxc6 9. c4 Nf6 10. Nc3 O-O 11. Bg5 Rb8 12. b3 a5 13. Rac1 c5 14. e5 Bf5
15. Qe2 dxe5 16. Nxe5 Ne4 17. Nc6 Nxc3 18. Rxc3 Qc7 19. Nxe7+ Kh8 20. Nd5 Qd7
21. Bf6 Rfe8 22. Bxg7+ Kxg7 23. Re3 Rxe3 24. Qxe3 Qd6 25. Qc3+ f6 26. Qxa5 Be4
27. Rd1 Re8 28. Qc7+ Qxc7 29. Nxc7 Re7 30. Nb5 Bc6 31. Kf1 Bxb5 32. cxb5 Re4
33. Rd5 c4 34. bxc4 Rxc4 35. Rd7+ Kh6 36. b6 Rc8 37. Ke2 Ra8 38. b7 Rxa2+ 39.
Rd2 Rxd2+ 40. Kxd2 1-0

[Event "EUR-ch U14 w"]
[Site "Batumi GEO"]
[Date "2014.10.26"]
[Round "7"]
[White "Broly, Mathilde"]
[Black "Tishova, Svetlana"]
[Result "1/2-1/2"]
[WhiteElo "1824"]
[BlackElo "2035"]
[PlyCount "159"]
[EventDate "2014.10.19"]
[EventType "swiss"]
[EventRounds "9"]
[EventCountry "CAN"]
[Source "Chessbase"]
[SourceDate "2015.02.06"]

1. Nf3 d5 2. g3 c5 3. c4 d4 4. b4 cxb4 5. a3 bxa3 6. Bxa3 Nc6 7. Bg2 Nf6 8. O-O
e5 9. Bxf8 Kxf8 10. d3 g6 11. Qb3 Kg7 12. Na3 Qe7 13. Nc2 Nd7 14. Rfb1 Nc5 15.
Qa3 Bd7 16. Nd2 Rhb8 17. e3 dxe3 18. fxe3 Bf5 19. Rb5 Nd7 20. Qxe7 Nxe7 21.
Bxb7 a6 22. Rxa6 Rxa6 23. Bxa6 Bxd3 24. Nb4 Bf5 25. Rxb8 Nxb8 26. Bb7 Bc8 27.
Ba8 Bd7 28. Kf2 Nbc6 29. Nd5 f5 30. Nf3 e4 31. Nxe7 Nxe7 32. Nd4 Kf6 33. Ke2
Ke5 34. Kd2 g5 35. Bb7 f4 36. c5 f3 37. Ke1 h6 38. Kf2 Bc8 39. Nc6+ Nxc6 40.
Bxc6 Bf5 41. Be8 Kd5 42. c6 Kd6 43. Bf7 Kxc6 44. Bb3 Kc5 45. Bf7 Bd7 46. Bb3
Kd6 47. Bc2 Ke5 48. Bb3 Be6 49. Ba4 Kf5 50. Bc6 Ke5 51. Bb7 Bf5 52. Bc6 Kf6 53.
Bb7 Bg6 54. Bc8 Bf7 55. Bb7 Ke5 56. Bc8 Bd5 57. Ba6 Bc6 58. Bc8 Kf6 59. Kg1 Bd5
60. Kf2 Bg8 61. Bd7 h5 62. Be8 Bf7 63. Bd7 Kg7 64. Bf5 Bg6 65. Bd7 Kh6 66. Kg1
Bf7 67. Bc6 Bg6 68. Bd7 h4 69. Kf1 Kg7 70. Kg1 Kf6 71. Kf2 Bf5 72. Be8 Be6 73.
Bc6 Kf5 74. Bb7 Bd7 75. Bd5 Ke5 76. Bb7 hxg3+ 77. hxg3 Bf5 78. Bc6 Kf6 79. Bb7
Kg7 80. Bc6 1/2-1/2

[Event "EUR-ch U14 w"]
[Site "Batumi GEO"]
[Date "2014.10.26"]
[Round "7"]
[White "Feofilova, Elizaveta"]
[Black "Nilssen, Ellen Fredericia"]
[Result "1-0"]
[WhiteElo "1813"]
[BlackElo "1709"]
[PlyCount "99"]
[EventDate "2014.10.19"]
[EventType "swiss"]
[EventRounds "9"]
[EventCountry "CAN"]
[Source "Chessbase"]
[SourceDate "2015.02.06"]

1. d4 e6 2. c4 d5 3. Nc3 Be7 4. Nf3 Nf6 5. Bf4 c6 6. e3 O-O 7. Bd3 Nbd7 8. h3
Re8 9. O-O Nf8 10. c5 b6 11. b4 a5 12. a3 bxc5 13. bxc5 Ba6 14. Ne5 Qc8 15. Rb1
N6d7 16. Nxd7 Nxd7 17. Bxa6 Rxa6 18. Qd2 Bd8 19. Rb3 Bc7 20. Bxc7 Qxc7 21. Rfb1
Rb8 22. Rxb8+ Nxb8 23. Qb2 Nd7 24. Qb7 Ra7 25. Qxc7 Rxc7 26. Kf1 Kf8 27. Ke2
Ke7 28. Kd3 e5 29. Na4 e4+ 30. Kc2 h6 31. Nc3 Ke6 32. Kb3 Nf8 33. Ka4 Ra7 34.
Rb8 Ng6 35. Rd8 Ra6 36. Rg8 Kf6 37. Rb8 Ra7 38. Rb6 Ne7 39. Nb5 Ra8 40. Nc7 Ra7
41. Ne8+ Kg6 42. Nd6 f6 43. Nb7 Nc8 44. Rxc6 Rxb7 45. Rxc8 Rb2 46. c6 Rxf2 47.
c7 Rc2 48. Kxa5 Kh5 49. Kb6 Kh4 50. Rg8 1-0

[Event "EUR-ch U14 w"]
[Site "Batumi GEO"]
[Date "2014.10.26"]
[Round "7"]
[White "Gajcin, Marina"]
[Black "Kochukova, Anna"]
[Result "1/2-1/2"]
[WhiteElo "2017"]
[BlackElo "1904"]
[PlyCount "92"]
[EventDate "2014.10.19"]
[EventType "swiss"]
[EventRounds "9"]
[EventCountry "CAN"]
[Source "Chessbase"]
[SourceDate "2015.02.06"]

1. e4 c5 2. Nf3 Nc6 3. Bb5 e6 4. Bxc6 bxc6 5. b3 Ne7 6. Bb2 Ng6 7. h4 h5 8. e5
Be7 9. g3 f6 10. Qe2 O-O 11. d3 fxe5 12. Nxe5 Nxe5 13. Bxe5 d6 14. Bc3 Qe8 15.
Nd2 e5 16. O-O-O a5 17. a4 Ra7 18. Rdf1 Qg6 19. Kb1 Bd8 20. Qe4 Qh6 21. Qe2
Raf7 22. Ne4 Bg4 23. Qe1 Qg6 24. Bd2 d5 25. Ng5 Rf5 26. f4 exf4 27. Bxf4 Re8
28. Qc3 Bb6 29. Re1 Rff8 30. Rxe8 Rxe8 31. Re1 Bf5 32. Rxe8+ Qxe8 33. Qe5 Qxe5
34. Bxe5 Bg4 35. Kb2 Bd8 36. Bd6 Bf6+ 37. Kb1 Bd4 38. Bc7 Bc3 39. Bd6 Be1 40.
Kb2 g6 41. c4 Bf2 42. Bc7 Be1 43. Bd6 Kg7 44. Be5+ Kg8 45. Bd6 Kg7 46. Be5+ Kg8
1/2-1/2

[Event "EUR-ch U14 w"]
[Site "Batumi GEO"]
[Date "2014.10.26"]
[Round "7"]
[White "Greibrokk, Ingrid"]
[Black "Mocanu, Valeria"]
[Result "1-0"]
[WhiteElo "1797"]
[BlackElo "1596"]
[PlyCount "115"]
[EventDate "2014.10.19"]
[EventType "swiss"]
[EventRounds "9"]
[EventCountry "CAN"]
[Source "Chessbase"]
[SourceDate "2015.02.06"]

1. e4 e5 2. Nf3 Nc6 3. Bb5 a6 4. Ba4 Nf6 5. d3 d6 6. c4 Be7 7. O-O O-O 8. h3
Na7 9. Nc3 Bd7 10. Bc2 c5 11. Ne2 Nc6 12. Ng3 Nd4 13. Nxd4 cxd4 14. f4 Re8 15.
f5 g6 16. Bg5 Rf8 17. Qd2 Ne8 18. Bh6 Ng7 19. Rf3 Bf6 20. Raf1 Qe7 21. Qf2 g5
22. Bxg7 Kxg7 23. Nh5+ Kh8 24. g4 h6 25. Kg2 b5 26. Bb3 b4 27. Rh1 a5 28. Nxf6
Qxf6 29. h4 Kg7 30. Rfh3 Rh8 31. Qg3 a4 32. Bd1 Bc6 33. hxg5 hxg5 34. Qh2 Rxh3
35. Qxh3 Rg8 36. Qh7+ Kf8 37. Rh6 Qe7 38. c5 f6 39. cxd6 Qxh7 40. Rxh7 Rg7 41.
Rh8+ Rg8 42. Rh1 Kg7 43. Be2 Rc8 44. Rc1 Bd7 45. Rc4 Rxc4 46. dxc4 Bc6 47. Kf3
Kf7 48. c5 Ke8 49. Bc4 Kd7 50. Be6+ Kd8 51. Bd5 Bb5 52. c6 a3 53. c7+ Kc8 54.
Be6+ Bd7 55. Bxd7+ Kxd7 56. bxa3 bxa3 57. Ke2 Kc8 58. Kd2 1-0

[Event "EUR-ch U14 w"]
[Site "Batumi GEO"]
[Date "2014.10.26"]
[Round "7"]
[White "Hasanzada, Ulkar"]
[Black "Busuioc, Alexandra"]
[Result "1-0"]
[WhiteElo "1603"]
[BlackElo "1833"]
[PlyCount "49"]
[EventDate "2014.10.19"]
[EventType "swiss"]
[EventRounds "9"]
[EventCountry "CAN"]
[Source "Chessbase"]
[SourceDate "2015.02.06"]

1. e4 d6 2. c4 Nf6 3. Nc3 e5 4. d3 Be7 5. g3 Bg4 6. f3 Be6 7. Bg2 O-O 8. Nge2
Nc6 9. Be3 Nd7 10. O-O f5 11. Nd5 Bxd5 12. cxd5 Nb4 13. a3 Na6 14. f4 exf4 15.
gxf4 fxe4 16. dxe4 Nf6 17. Nd4 Qd7 18. Ne6 Rf7 19. e5 Ne8 20. Ng5 Rf8 21. Bh3
Qb5 22. Be6+ Kh8 23. Nxh7 dxe5 24. Nxf8 Bxf8 25. Qh5# 1-0

[Event "EUR-ch U14 w"]
[Site "Batumi GEO"]
[Date "2014.10.26"]
[Round "7"]
[White "Henderson de la Fuente, Andrea"]
[Black "Shafigullina, Zarina"]
[Result "1-0"]
[WhiteElo "1670"]
[BlackElo "1774"]
[PlyCount "80"]
[EventDate "2014.10.19"]
[EventType "swiss"]
[EventRounds "9"]
[EventCountry "CAN"]
[Source "Chessbase"]
[SourceDate "2015.02.06"]

1. e4 c5 2. Nc3 Nc6 3. g3 e6 4. Bg2 Nf6 5. d3 Be7 6. f4 d6 7. Nf3 a6 8. O-O Qc7
9. h3 b5 10. g4 Bb7 11. Ne2 d5 12. e5 Nd7 13. c3 f6 14. d4 O-O-O 15. Bd2 Rdf8
16. a4 Rhg8 17. axb5 axb5 18. Qc2 h6 19. Nh4 Na5 20. Ng6 Re8 21. f5 exf5 22. e6
Nf8 23. Nxe7+ Rxe7 24. gxf5 Nc4 25. Bf4 Qb6 26. Kh1 g5 27. Bd2 h5 28. Ra2 Nxe6
29. fxe6 Qxe6 30. Ng3 h4 31. Nf5 Rd7 32. Re1 Qf7 33. Nh6 Qg6 34. Qxg6 Rxg6 35.
Nf5 Nxd2 36. Ne7+ Rxe7 37. Rxe7 f5 38. Ra7 Rc6 39. Bxd5 Kb8 40. Bxc6 Bxc6+ 1-0

[Event "EUR-ch U14 w"]
[Site "Batumi GEO"]
[Date "2014.10.26"]
[Round "7"]
[White "Imnadze, Lika"]
[Black "Stanimirovic, Ivana"]
[Result "1-0"]
[WhiteElo "1446"]
[BlackElo "1762"]
[PlyCount "61"]
[EventDate "2014.10.19"]
[EventType "swiss"]
[EventRounds "9"]
[EventCountry "CAN"]
[Source "Chessbase"]
[SourceDate "2015.02.06"]

1. e4 c6 2. d4 d5 3. exd5 cxd5 4. Bd3 Nf6 5. c3 Nc6 6. Bf4 e6 7. Nf3 Bd6 8.
Bxd6 Qxd6 9. O-O O-O 10. Nbd2 Bd7 11. Re1 Rfc8 12. Ne5 Rab8 13. f4 b5 14. Nb3
Be8 15. Nc5 b4 16. g4 bxc3 17. bxc3 Nd7 18. Ncxd7 Bxd7 19. g5 g6 20. h4 Qe7 21.
Ng4 h5 22. Nf6+ Kg7 23. f5 Qd6 24. Qf3 Rf8 25. fxg6 Qe7 26. Nxh5+ Kg8 27. Nf6+
Kg7 28. Nxd7 Qxd7 29. Qf6+ Kg8 30. g7 Rfc8 31. Bh7+ 1-0

[Event "EUR-ch U14 w"]
[Site "Batumi GEO"]
[Date "2014.10.26"]
[Round "7"]
[White "Ismayilova, Aysu"]
[Black "Gailiunaite, Saule"]
[Result "1-0"]
[WhiteElo "1453"]
[BlackElo "1653"]
[PlyCount "115"]
[EventDate "2014.10.19"]
[EventType "swiss"]
[EventRounds "9"]
[EventCountry "CAN"]
[Source "Chessbase"]
[SourceDate "2015.02.06"]

1. d4 d5 2. c4 e6 3. Nc3 c5 4. cxd5 exd5 5. Nf3 Nc6 6. Bf4 Nf6 7. e3 Be6 8. Bb5
Rc8 9. Ne5 a6 10. Nxc6 bxc6 11. Bxa6 cxd4 12. Bxc8 dxc3 13. Bxe6 cxb2 14. Rb1
Qa5+ 15. Kf1 fxe6 16. Rxb2 Nd7 17. g3 Ba3 18. Rb3 O-O 19. Qg4 Nc5 20. Bh6 Qa7
21. Rxa3 Qf7 22. f4 Qf6 23. Qxg7+ Qxg7 24. Bxg7 Kxg7 25. Ra7+ Rf7 26. Rxf7+
Kxf7 27. Ke2 Ke7 28. Kd2 Ne4+ 29. Kc2 Kd6 30. Kb3 c5 31. a4 Nd2+ 32. Kc3 Nc4
33. e4 Na5 34. exd5 exd5 35. Re1 d4+ 36. Kd3 Kd5 37. Re5+ Kd6 38. Ke4 Nb3 39.
f5 c4 40. Rd5+ Ke7 41. Rxd4 c3 42. Rd1 c2 43. Re1 c1=Q 44. Rxc1 Nxc1 45. Kd5
Nb3 46. Kc4 Na5+ 47. Kb5 Nb7 48. Kb6 Nd6 49. g4 h5 50. h3 Nc4+ 51. Kc5 hxg4 52.
hxg4 Nd6 53. a5 Nc8 54. Kc6 Kf6 55. a6 Kg5 56. Kc7 Ne7 57. a7 Kxg4 58. a8=Q 1-0

[Event "EUR-ch U14 w"]
[Site "Batumi GEO"]
[Date "2014.10.26"]
[Round "7"]
[White "Ivanyan, Ani"]
[Black "Mustafazada, Nigar"]
[Result "0-1"]
[WhiteElo "1589"]
[BlackElo "1744"]
[PlyCount "54"]
[EventDate "2014.10.19"]
[EventType "swiss"]
[EventRounds "9"]
[EventCountry "CAN"]
[Source "Chessbase"]
[SourceDate "2015.02.06"]

1. d4 Nf6 2. Nf3 g6 3. c4 Bg7 4. Nc3 O-O 5. Bg5 d6 6. e3 Nbd7 7. Be2 c6 8. Qc2
Qc7 9. O-O h6 10. Bh4 e5 11. dxe5 dxe5 12. Nd2 Nc5 13. b4 Ne6 14. Rad1 Nh7 15.
f3 Qb6 16. c5 Qxb4 17. Be7 Re8 18. Bd6 b5 19. Rb1 Qh4 20. g3 Qg5 21. f4 exf4
22. exf4 Nd4 23. Qd1 Nxe2+ 24. Nxe2 Qd5 25. Re1 Bh3 26. Ne4 Qxe4 27. Nc3 Qg2#
0-1

[Event "EUR-ch U14 w"]
[Site "Batumi GEO"]
[Date "2014.10.26"]
[Round "7"]
[White "Jablonskaja, Anastasija"]
[Black "Brezalieva, Steliyana"]
[Result "1/2-1/2"]
[WhiteElo "1356"]
[BlackElo "1480"]
[PlyCount "150"]
[EventDate "2014.10.19"]
[EventType "swiss"]
[EventRounds "9"]
[EventCountry "CAN"]
[Source "Chessbase"]
[SourceDate "2015.02.06"]

1. e4 e5 2. Nf3 Nc6 3. Bb5 a6 4. Bxc6 dxc6 5. Nc3 f6 6. O-O Ne7 7. d4 exd4 8.
Nxd4 Bd7 9. Nf3 Ng6 10. h3 Bd6 11. Be3 Qe7 12. Re1 O-O-O 13. Qe2 Rhe8 14. Bd4
Nf4 15. Qd2 c5 16. Be3 Ng6 17. Nd5 Qf7 18. Qd3 Bc6 19. Qc4 Bxd5 20. exd5 Ne5
21. Nxe5 Rxe5 22. Bxc5 Qxd5 23. Qxd5 Rxd5 24. Be3 Be5 25. c3 R5d7 26. g3 b6 27.
f4 Bd6 28. Bd4 c5 29. Be3 Bc7 30. Kf1 Kb7 31. Ke2 Kc6 32. c4 b5 33. Rac1 Bb6
34. b3 Re7 35. Kf2 Red7 36. Rc2 Rd1 37. Rxd1 Rxd1 38. Ke2 Rd7 39. g4 g6 40. Kf3
bxc4 41. Rxc4 a5 42. h4 h6 43. f5 g5 44. hxg5 hxg5 45. Re4 Bc7 46. Ke2 Be5 47.
Bd2 Kb6 48. Ra4 Ra7 49. Ke3 Bf4+ 50. Rxf4 gxf4+ 51. Kxf4 a4 52. Be3 Rf7 53.
bxa4 Kc6 54. g5 fxg5+ 55. Kxg5 Kd5 56. Kg6 Ra7 57. a5 c4 58. f6 Ke6 59. a4 Ra8
60. Bd2 Rg8+ 61. Kh7 Kf7 62. Kh6 Rg6+ 63. Kh5 Rxf6 64. Kg4 Rc6 65. Bc3 Ke6 66.
Kf3 Kd5 67. Kf4 Re6 68. Kf3 Re8 69. Kf4 Rb8 70. Ke3 Rb3 71. Kd2 Ra3 72. Kc2
Rxa4 73. Kb2 Ke4 74. Bd2 Kd3 75. Be1 Kd4 1/2-1/2

[Event "EUR-ch U14 w"]
[Site "Batumi GEO"]
[Date "2014.10.26"]
[Round "7"]
[White "Jalaghonia, Nino"]
[Black "Tsolakidou, Stavroula"]
[Result "0-1"]
[WhiteElo "1887"]
[BlackElo "2305"]
[PlyCount "92"]
[EventDate "2014.10.19"]
[EventType "swiss"]
[EventRounds "9"]
[EventCountry "CAN"]
[Source "Chessbase"]
[SourceDate "2015.02.06"]

1. c4 b6 2. Nc3 Bb7 3. e4 e6 4. g3 f5 5. d3 Nf6 6. Bg2 Bb4 7. Bd2 O-O 8. Nge2
fxe4 9. dxe4 Bc5 10. Nf4 e5 11. Nd3 Bd4 12. Qe2 a5 13. O-O Ba6 14. b3 d6 15.
Kh1 Nbd7 16. Rad1 c6 17. f4 b5 18. cxb5 cxb5 19. Qf3 b4 20. Ne2 d5 21. Nf2 Nc5
22. Nxd4 exd4 23. exd5 Bxf1 24. Bxf1 Kh8 25. Bc4 Qd7 26. Bc1 Rae8 27. Kg2 Nfe4
28. Rxd4 Nxf2 29. Qxf2 Ne4 30. Qc2 Nd6 31. Bb2 Qg4 32. Rd2 Rxf4 33. Be2 Qg5 34.
Qd1 Ref8 35. Bd4 Ne4 36. Rd3 Nf2 37. Bxf2 Rxf2+ 38. Kg1 Qh6 39. h4 Qb6 40. Kh1
Qd6 41. Re3 Qf6 42. d6 Qf5 43. g4 Qf4 44. Rh3 Qe4+ 45. Bf3 R2xf3 46. Rxf3 Rxf3
0-1

[Event "EUR-ch U14 w"]
[Site "Batumi GEO"]
[Date "2014.10.26"]
[Round "7"]
[White "Janiashvili, Mariami"]
[Black "Nazarova, Anastasia"]
[Result "0-1"]
[WhiteElo "1679"]
[BlackElo "1932"]
[PlyCount "118"]
[EventDate "2014.10.19"]
[EventType "swiss"]
[EventRounds "9"]
[EventCountry "CAN"]
[Source "Chessbase"]
[SourceDate "2015.02.06"]

1. d4 d6 2. c4 e5 3. dxe5 dxe5 4. Qxd8+ Kxd8 5. Nf3 f6 6. Nc3 c6 7. b3 Be6 8.
Bb2 Kc7 9. h3 a5 10. g4 Nh6 11. Rg1 Nf7 12. e3 Nd7 13. g5 Nd6 14. Nd2 Be7 15.
gxf6 gxf6 16. O-O-O Rhg8 17. Rxg8 Rxg8 18. Nde4 Nxe4 19. Nxe4 h5 20. Bc3 b6 21.
Nd2 Nc5 22. Be2 Bxh3 23. Rh1 Bf5 24. Rxh5 Nd3+ 25. Kc2 Bg6 26. Rh2 Nxf2+ 27.
Kb2 Nd3+ 28. Bxd3 Bxd3 29. e4 Rg4 30. Rh7 Kd7 31. c5 b5 32. Bxa5 Bxe4 33. Nxe4
Rxe4 34. Bc7 Ke6 35. Bb6 b4 36. Rh8 Rd4 37. a4 bxa3+ 38. Kxa3 Rd7 39. Rh1 e4
40. b4 Bd8 41. Ba5 Be7 42. Bb6 f5 43. b5 cxb5 44. Kb4 Rd2 45. Kxb5 Rc2 46. c6
Bd6 47. Rd1 f4 48. Rd4 e3 49. Rc4 e2 50. Bf2 Rb2+ 51. Ka4 Bc7 52. Ka3 Rd2 53.
Kb3 Kd5 54. Rc2 Rd3+ 55. Kb2 f3 56. Rc1 Rd1 57. Kc2 Rf1 58. Bh4 Kxc6 59. Kd3+
Rxc1 0-1

[Event "EUR-ch U14 w"]
[Site "Batumi GEO"]
[Date "2014.10.26"]
[Round "7"]
[White "Jibuti, Nata"]
[Black "Vrtiakova, Anna"]
[Result "1-0"]
[WhiteElo "1634"]
[BlackElo "1966"]
[PlyCount "189"]
[EventDate "2014.10.19"]
[EventType "swiss"]
[EventRounds "9"]
[EventCountry "CAN"]
[Source "Chessbase"]
[SourceDate "2015.02.06"]

1. e4 c5 2. Nc3 e6 3. g3 d5 4. exd5 exd5 5. Bg2 Nf6 6. d3 Be7 7. Nge2 O-O 8.
O-O d4 9. Ne4 Nc6 10. Nf4 Re8 11. Re1 Ne5 12. h3 Rb8 13. Nxf6+ Bxf6 14. Bd2 b5
15. Nh5 Bb7 16. Be4 Bxe4 17. dxe4 d3 18. Nxf6+ Qxf6 19. Bf4 dxc2 20. Qe2 Rbd8
21. Bxe5 Qxe5 22. Qxc2 h6 23. Rac1 c4 24. b3 Rc8 25. bxc4 Rxc4 26. Qb3 Rec8 27.
Rxc4 bxc4 28. Qc2 c3 29. Re3 Qd4 30. Kg2 a5 31. a3 a4 32. Re1 Qc5 33. Ra1 Qc4
34. Rb1 Qc5 35. Qxa4 c2 36. Rc1 Qc3 37. Qa6 Rc6 38. Qe2 Qb2 39. Qd2 Rc8 40. Kh2
Kh8 41. a4 Rc4 42. a5 Qa2 43. e5 Rc5 44. Qd8+ Kh7 45. Qd3+ g6 46. a6 Qb2 47.
Qd2 Qa3 48. Rxc2 Rxc2 49. Qxc2 Qxa6 50. Qb3 Kg7 51. Qf3 Qb6 52. Kg2 Qe6 53. Qf4
Qd5+ 54. Kh2 Qe6 55. g4 Qb6 56. h4 Qe6 57. Kg3 Qb3+ 58. f3 Qb6 59. Qc1 Qd4 60.
Qe1 Qc5 61. Qa1 Kg8 62. Qe1 Kg7 63. f4 Qc4 64. Qe3 Qc2 65. e6 fxe6 66. Qxe6
Qd3+ 67. Kf2 Qd2+ 68. Kf3 Qd1+ 69. Qe2 Qh1+ 70. Kg3 Qg1+ 71. Qg2 Qe3+ 72. Qf3
Qg1+ 73. Kh3 Qe1 74. Qb7+ Kf8 75. Qc8+ Kg7 76. Qd7+ Kg8 77. Qd5+ Kf8 78. Qd6+
Kf7 79. Qd5+ Kf8 80. f5 Qf1+ 81. Kg3 Qe1+ 82. Kf4 Qf2+ 83. Ke5 Qxh4 84. Qd6+
Ke8 85. Qxg6+ Kd7 86. Qe6+ Kc7 87. f6 Qg3+ 88. Kf5 Qd3+ 89. Qe4 Qd7+ 90. Kg6
Qd2 91. Qe5+ Kb7 92. f7 Qd3+ 93. Qf5 Qd6+ 94. Kg7 Qd4+ 95. Kh7 1-0

[Event "EUR-ch U14 w"]
[Site "Batumi GEO"]
[Date "2014.10.26"]
[Round "7"]
[White "Kalaiyalahan, Akshaya"]
[Black "Gharibyan, Mane"]
[Result "1-0"]
[WhiteElo "2052"]
[BlackElo "1617"]
[PlyCount "93"]
[EventDate "2014.10.19"]
[EventType "swiss"]
[EventRounds "9"]
[EventCountry "CAN"]
[Source "Chessbase"]
[SourceDate "2015.02.06"]

1. Nf3 Nf6 2. g3 d5 3. Bg2 Bf5 4. O-O c6 5. c4 e6 6. cxd5 exd5 7. d3 Be7 8. Qb3
Qb6 9. Qc2 h6 10. Nc3 Nbd7 11. e4 dxe4 12. dxe4 Bh7 13. Be3 Qa5 14. Rad1 O-O
15. Qc1 Rad8 16. Nd4 Bb4 17. Nb3 Qh5 18. f3 Nc5 19. Nd4 Rfe8 20. a3 Bxc3 21.
Qxc3 Na4 22. Qc2 Nb6 23. Bf2 Nbd7 24. Ne2 Ne5 25. Bd4 b6 26. Nf4 Qg5 27. Nh3
Qh5 28. g4 Nexg4 29. fxg4 Nxg4 30. Qxc6 Re6 31. Qc7 Rde8 32. e5 R6e7 33. Qc3
Nxe5 34. Bxe5 Rxe5 35. Qf3 Qg6 36. Rd7 f6 37. Nf4 Qc2 38. Qf2 Qc8 39. Rxa7 Qb8
40. Rb7 Qc8 41. Rxb6 Rc5 42. Rb4 Rc2 43. Qf3 Rd8 44. Bh3 Qc5+ 45. Kh1 Rc1 46.
Ne6 Rxf1+ 47. Bxf1 1-0

[Event "EUR-ch U14 w"]
[Site "Batumi GEO"]
[Date "2014.10.26"]
[Round "7"]
[White "Karimzada, Narmin Niyazi"]
[Black "Balajayeva, Khanim"]
[Result "1/2-1/2"]
[WhiteElo "1679"]
[BlackElo "1856"]
[PlyCount "81"]
[EventDate "2014.10.19"]
[EventType "swiss"]
[EventRounds "9"]
[EventCountry "CAN"]
[Source "Chessbase"]
[SourceDate "2015.02.06"]

1. e4 d5 2. exd5 Qxd5 3. Nf3 Nf6 4. Be2 Nc6 5. d4 Bg4 6. c4 Qh5 7. d5 O-O-O 8.
Bd2 Ne5 9. Nxe5 Qxe5 10. Bc3 Qf4 11. Qd2 Qxd2+ 12. Nxd2 Bxe2 13. Kxe2 e6 14.
dxe6 fxe6 15. Rhe1 Bc5 16. b4 Bd4 17. Bxd4 Rxd4 18. Rac1 b5 19. Nf3 Rf4 20.
cxb5 Rxb4 21. Rb1 Ra4 22. Rb2 Nd5 23. Kf1 Nf4 24. Re3 Rd8 25. g3 Nd3 26. Rb3
Nc5 27. Ra3 Rxa3 28. Rxa3 Kb7 29. Ne5 Kb6 30. Nc6 Ra8 31. Nd4 e5 32. Nb3 Nxb3
33. Rxb3 Rd8 34. Rc3 Rd6 35. a4 c6 36. bxc6 Rxc6 37. Re3 Rc5 38. Re4 Kc6 39.
Ke2 a5 40. Kd3 Kd5 41. Rh4 1/2-1/2

[Event "EUR-ch U14 w"]
[Site "Batumi GEO"]
[Date "2014.10.26"]
[Round "7"]
[White "Kazarian, Anna Maja"]
[Black "Adamyan, Mane"]
[Result "1-0"]
[WhiteElo "2108"]
[BlackElo "1811"]
[PlyCount "45"]
[EventDate "2014.10.19"]
[EventType "swiss"]
[EventRounds "9"]
[EventCountry "CAN"]
[Source "Chessbase"]
[SourceDate "2015.02.06"]

1. e4 e6 2. d4 d5 3. exd5 exd5 4. c4 Nf6 5. Nc3 Bb4 6. Bd3 O-O 7. Nge2 dxc4 8.
Bxc4 h6 9. O-O Nc6 10. a3 Bxc3 11. bxc3 Bg4 12. Qd3 Qd7 13. Ng3 Nd5 14. Bb3 Nf6
15. Bxh6 Na5 16. Ba2 Ne8 17. Bg5 c5 18. Bb1 g6 19. Bh6 Ng7 20. Ne4 Qd6 21. Nxd6
cxd4 22. Qxd4 Ne6 23. Qf6 1-0

[Event "EUR-ch U14 w"]
[Site "Batumi GEO"]
[Date "2014.10.26"]
[Round "7"]
[White "Koridze, Lile"]
[Black "Gorovenko, Darya"]
[Result "1-0"]
[WhiteElo "1750"]
[BlackElo "2033"]
[PlyCount "83"]
[EventDate "2014.10.19"]
[EventType "swiss"]
[EventRounds "9"]
[EventCountry "CAN"]
[Source "Chessbase"]
[SourceDate "2015.02.06"]

1. d4 c5 2. d5 e5 3. c4 d6 4. e4 Nf6 5. Nc3 g6 6. h3 Bg7 7. Be3 O-O 8. g4 Ne8
9. Bd3 f5 10. gxf5 gxf5 11. exf5 Bxf5 12. Bxf5 Rxf5 13. Qg4 Rf8 14. Nf3 Nf6 15.
Qe6+ Kh8 16. Ng5 Qd7 17. Nb5 h6 18. Qxd7 Nbxd7 19. Ne6 Rg8 20. Nxd6 b6 21. Nf5
Nf8 22. Nexg7 Rxg7 23. Nxg7 Kxg7 24. O-O-O Ng6 25. Rhg1 Kh7 26. Rgf1 Nh4 27.
Rde1 Nf3 28. Re2 Rg8 29. Bd2 Nh5 30. Re3 Rf8 31. Bc3 Rf5 32. Rd1 Nd4 33. Bxd4
cxd4 34. Ra3 Rxf2 35. Rxa7+ Kg6 36. Re7 Nf4 37. Rxe5 d3 38. d6 Rc2+ 39. Kb1
Rxc4 40. d7 Rd4 41. Re4 Rxe4 42. d8=Q 1-0